| 000 | 00815nam a2200217 a 4500 | ||
|---|---|---|---|
| 005 | 20240913063953.0 | ||
| 008 | 151022s2012 mx r 000 0 spa d | ||
| 020 | _a9786077613954 | ||
| 035 | _aUPN01000206251 | ||
| 049 | _aCG | ||
| 050 | 4 |
_aQ143 H8 _bE2.6 |
|
| 245 | 0 | 0 |
_aEconomía, ciencia y política : _bestudios sobre Alexander von Humboldt a 200 años del ensayo político sobre el reino de la Nueva España / _ccoord. José Enrique Covarrubias. |
| 260 |
_aMéxico : _bUNAM, Instituto de Investigaciones Históricas : _bInstituto Mora, _c2012. |
||
| 300 | _a291 p. | ||
| 440 | 0 | _aHistoria económica | |
| 600 | 1 | 2 |
_aHumboldt, Alexander von, _d1769-1859 _918605 |
| 651 | 4 |
_aNUEVA ESPAÑA - _xHISTORIOGRAFIA _922704 |
|
| 700 | 1 |
_aCovarrubias, José Enrique, _ecoord. |
|
| 905 | _aLibro | ||
| 999 |
_c178352 _d178352 |
||